<?xml version="1.0" encoding="UTF-8"?>
<record
    xmlns:xsi="http://www.w3.org/2001/XMLSchema-instance"
    xsi:schemaLocation="http://www.loc.gov/MARC21/slim http://www.loc.gov/standards/marcxml/schema/MARC21slim.xsd"
    xmlns="http://www.loc.gov/MARC21/slim">

  <leader>00705nam a2200205   4500</leader>
  <controlfield tag="003">LK-CoMWRAF</controlfield>
  <controlfield tag="005">20231213114645.0</controlfield>
  <controlfield tag="008">231213b        |||||||| |||| 00| 0 eng d</controlfield>
  <datafield tag="020" ind1=" " ind2=" ">
    <subfield code="a">9789558978153</subfield>
  </datafield>
  <datafield tag="040" ind1=" " ind2=" ">
    <subfield code="a">LK-CoMWRAF</subfield>
    <subfield code="d">LK-CoMWRAF</subfield>
    <subfield code="e">LK-CoMWRAF</subfield>
  </datafield>
  <datafield tag="041" ind1=" " ind2=" ">
    <subfield code="a">sin</subfield>
  </datafield>
  <datafield tag="082" ind1=" " ind2=" ">
    <subfield code="a">305.4</subfield>
    <subfield code="b">KUT</subfield>
  </datafield>
  <datafield tag="100" ind1=" " ind2=" ">
    <subfield code="a">&#xD9A;&#xDD4;&#xDAD;&#xDD4;&#xDB6;&#xDCA;, &#xDB8;&#xDD4;&#xDC4;&#xDB8;&#xDCA;&#xDB8;&#xDAF;&#xDCA;</subfield>
  </datafield>
  <datafield tag="245" ind1=" " ind2=" ">
    <subfield code="a">&#xD89;&#xDC3;&#xDCA;&#xDBD;&#xDCF;&#xDB8;&#xDBA; &#xDC4;&#xDCF; &#xD9A;&#xDCF;&#xDB1;&#xDCA;&#xDAD;&#xDCF;&#xDC0;</subfield>
  </datafield>
  <datafield tag="246" ind1=" " ind2=" ">
    <subfield code="a">Islamaya ha kanthawa</subfield>
  </datafield>
  <datafield tag="260" ind1=" " ind2=" ">
    <subfield code="a">&#xD9A;&#xDDC;&#xDC5;&#xDB9; :</subfield>
    <subfield code="b">&#xDC4;&#xDD2;&#xDBB;&#xDCF; &#xDAD;&#xDDC;&#xDBB;&#xDAD;&#xDD4;&#xDBB;&#xDD4; &#xDB8;&#xDB0;&#xDCA;&#x200D;&#xDBA;&#xDC3;&#xDCA;&#xDAE;&#xDCF;&#xDB1;&#xDBA;,</subfield>
    <subfield code="c">2012</subfield>
  </datafield>
  <datafield tag="650" ind1=" " ind2=" ">
    <subfield code="a">&#xD89;&#xDC3;&#xDCA;&#xDBD;&#xDCF;&#xDB8;&#xDBA; &#xDC4;&#xDCF; &#xD9A;&#xDCF;&#xDB1;&#xDCA;&#xDAD;&#xDCF;&#xDC0;</subfield>
  </datafield>
  <datafield tag="700" ind1=" " ind2=" ">
    <subfield code="a">&#xDBB;&#xDC4;&#xDCA;&#xDB6;&#xDD2;, &#xD91;&#xDB8;&#xDCA;. &#xDBA;&#xDD6;.</subfield>
    <subfield code="e">trans.</subfield>
  </datafield>
  <datafield tag="942" ind1=" " ind2=" ">
    <subfield code="c">BK</subfield>
  </datafield>
  <datafield tag="952" ind1=" " ind2=" ">
    <subfield code="0">0</subfield>
    <subfield code="1">0</subfield>
    <subfield code="4">0</subfield>
    <subfield code="7">0</subfield>
    <subfield code="a">MAIN</subfield>
    <subfield code="b">MAIN</subfield>
    <subfield code="d">2023-12-13</subfield>
    <subfield code="l">0</subfield>
    <subfield code="o">305.4 KUT</subfield>
    <subfield code="p">RAF3470</subfield>
    <subfield code="r">2023-12-13</subfield>
    <subfield code="w">2023-12-13</subfield>
    <subfield code="y">BK</subfield>
  </datafield>
  <datafield tag="952" ind1=" " ind2=" ">
    <subfield code="0">0</subfield>
    <subfield code="1">0</subfield>
    <subfield code="4">0</subfield>
    <subfield code="7">0</subfield>
    <subfield code="a">MAIN</subfield>
    <subfield code="b">MAIN</subfield>
    <subfield code="d">2023-12-13</subfield>
    <subfield code="l">0</subfield>
    <subfield code="o">305.4 KUT</subfield>
    <subfield code="p">RAF3471</subfield>
    <subfield code="r">2023-12-13</subfield>
    <subfield code="w">2023-12-13</subfield>
    <subfield code="y">BK</subfield>
  </datafield>
  <datafield tag="999" ind1=" " ind2=" ">
    <subfield code="c">4401</subfield>
    <subfield code="d">4401</subfield>
  </datafield>
</record>
